00456nam a2200169Ia 4500003000400000008004100004040001600045082001600061100001900077245005500096700002300151260005500174300001000229650001600239650001800255650001300273GCL140319s9999 xx 000 0 eng d aGCL / cGCL04a574.29bS I1 aSTAINES,NORMAN10aINTRODUCING IMMUNOLOGY, 2nd ed. / cSTAINES,NORMAN1 aBROSTOFF, JONSTHAN a[S.N] : bMOSBY- YEARBOOK EUROPE LIMITED ، c1994 a110 P04aLYMPHOCYTES04aIMMUNE SYSTEM04aANTIGENS